Mužské lidové tance : (Record no. 20067)
[ view plain ]
| 000 -LEADER | |
|---|---|
| fixed length control field | 01836nam a22003251 4500 |
| 001 - CONTROL NUMBER | |
| control field | 20067 |
| 003 - CONTROL NUMBER IDENTIFIER | |
| control field | CZ PrNK |
| 005 - DATE AND TIME OF LATEST TRANSACTION | |
| control field | 20260115122658.0 |
| 007 - PHYSICAL DESCRIPTION FIXED FIELD--GENERAL INFORMATION | |
| fixed length control field | ta |
| 008 - FIXED-LENGTH DATA ELEMENTS--GENERAL INFORMATION | |
| fixed length control field | 980320s1953 xr abg 000 | cze |
| 015 ## - NATIONAL BIBLIOGRAPHY NUMBER | |
| National bibliography number | cnb000509280 |
| 020 ## - INTERNATIONAL STANDARD BOOK NUMBER | |
| Qualifying information | (Váz.) |
| 035 ## - SYSTEM CONTROL NUMBER | |
| System control number | (OCoLC)85314884 |
| 040 ## - CATALOGING SOURCE | |
| Original cataloging agency | ABA001 |
| Language of cataloging | cze |
| Transcribing agency | OLA001 |
| Modifying agency | ABA001 |
| 245 00 - TITLE STATEMENT | |
| Title | Mužské lidové tance : |
| Remainder of title | instruktážní brožura pro nácvik lidových tanců ve vojenských souborech / |
| Statement of responsibility, etc. | vybrali a sestavili Bohumil Kos a František Struska ; [kresby a schemata tanečních figur ... Jaromír Lauda] |
| 250 ## - EDITION STATEMENT | |
| Edition statement | Vyd. 1. |
| 260 ## - PUBLICATION, DISTRIBUTION, ETC. | |
| Place of publication, distribution, etc. | Praha : |
| Name of publisher, distributor, etc. | Naše vojsko, |
| Date of publication, distribution, etc. | 1953 |
| 300 ## - PHYSICAL DESCRIPTION | |
| Extent | 207 s. : |
| Other physical details | il. (některé barev.), mapy, noty ; |
| Dimensions | 25 cm |
| 490 1# - SERIES STATEMENT | |
| Series statement | Armádní soutěž tvořivosti ; |
| Volume/sequential designation | sv. 14 |
| 500 ## - GENERAL NOTE | |
| General note | 5400 výt. |
| 504 ## - BIBLIOGRAPHY, ETC. NOTE | |
| Bibliography, etc. note | Obsahuje bibliografii |
| 520 ## - SUMMARY, ETC. | |
| Summary, etc. | Po všeobecném teoretickém a metodickém úvodu je podrobně vysvětlen nácvik mužského lidového tance, vycházejícího z prvků lašských tanců, tzv. "skoků Ondráše", dále valašského odzemku, figur s valaškou, tance "mlynářského" a her chlapců na pastvě. Ze slováckých tanců je popsán podlužácký verbuňk, hošije a "pod šable". Slovensko je ve výběru tanců zastoupeno tanci "Verbovanie na Pohroní", Medvědka, Paličkový, Šumiacký šórový a východoslovenský verbuňk. Výklady jsou doprovázeny barevnými ukázkami krojů, notami pro hudební doprovod (instrumentace) a podrobnými nákresy tanečních figur |
| 700 1# - ADDED ENTRY--PERSONAL NAME | |
| Personal name | Kos, Bohumil, |
| Dates associated with a name | 1923- |
| Relationship | com |
| 700 1# - ADDED ENTRY--PERSONAL NAME | |
| Personal name | Struska, František |
| Relationship | com |
| 700 1# - ADDED ENTRY--PERSONAL NAME | |
| Personal name | Lauda, Jaromír, |
| Dates associated with a name | 1924- |
| Relationship | ill |
| 830 #0 - SERIES ADDED ENTRY--UNIFORM TITLE | |
| Uniform title | Armádní soutěž tvořivosti |
| 856 41 - ELECTRONIC LOCATION AND ACCESS | |
| Uniform Resource Identifier | <a href="http://krameriusndk.nkp.cz/search/handle/uuid:3be5e370-0356-11e4-9789-005056827e52">http://krameriusndk.nkp.cz/search/handle/uuid:3be5e370-0356-11e4-9789-005056827e52</a> |
| Link text | Digitalizovaný dokument |
| 910 ## - USER-OPTION DATA (OCLC) | |
| User-option data | ABA001 |
| 942 ## - ADDED ENTRY ELEMENTS (KOHA) | |
| Source of classification or shelving scheme | Dewey Decimal Classification |
| Koha item type | Odborná literatúra pre dospelých |
| Suppress in OPAC | No |
| Stav vyradenia | Strata | Poškodenie | Spôsob nadobudnutia | Domovská knižnica | Aktuálna knižnica | Dátum nadobudnutia | Total checkouts | Čiarový kód exemplára | Date last seen | Typ exemplára |
|---|---|---|---|---|---|---|---|---|---|---|
| Dar | Obecná knižnica Horná Štubňa | Obecná knižnica Horná Štubňa | 15.01.2026 | 4736200047 | 15.01.2026 | Odborná literatúra pre dospelých |
